Normal view
MARC view
- Criminal Justice Educatio
Entry Topical Term
001 - CONTROL NUMBER
- control field: 33186
003 - CONTROL NUMBER IDENTIFIER
- control field: OSt
005 - DATE AND TIME OF LATEST TRANSACTION
- control field: 20181212113431.0
008 - FIXED-LENGTH DATA ELEMENTS
- fixed length control field: 181212|| aca||aabn | a|a d
040 ## - CATALOGING SOURCE
- Original cataloging agency: OSt
- Transcribing agency: OSt
150 ## - HEADING--TOPICAL TERM
- Topical term or geographic name entry element: Criminal Justice Educatio
- Form subdivision: Criminology
- General subdivision: Undergraduate Thesis.
670 ## - SOURCE DATA FOUND
- Source citation: Work cat.: (OSt): Lumarda, Oliver A. Jr. 33185, Disaster preparedness and awareness :, March 2018.
